| 000 | 00847nam a22002777a 4500 | ||
|---|---|---|---|
| 001 | 57994 | ||
| 003 | DO-SdBNP | ||
| 005 | 20180130144202.0 | ||
| 007 | 57994 | ||
| 008 | 891108s1988 sp spa | ||
| 016 | 7 | _2BPMSU | |
| 020 | _a843458641X | ||
| 040 |
_aBPMSU _bspa _cBPMSU |
||
| 100 | 1 | _aFournier, Andrée-Paule | |
| 245 | 1 | 3 |
_aEl mirlo y yo / _cAndrée-Paule Fournier ; traducción de Pilar Ruiz-Va ; ilustraciones de Yvon Le Gall |
| 260 | 1 |
_aBarcelona : _bSalvat, _c1988 |
|
| 300 |
_a159 p.; _bil.: _c22 cm. |
||
| 490 | 1 |
_aBiblioteca juvenil _v61 |
|
| 500 | _aTraducción de: Le merle et moi | ||
| 700 | 1 |
_aRuiz Va, Pilar _4tr. |
|
| 700 | 1 |
_aLe Gall, Yvon _4il. |
|
| 830 | 0 |
_aBiblioteca juvenil (Salvat Editores) _v61 |
|
| 942 |
_2ddc _cBK |
||
| 945 | _aInventariado, 2018 / BT | ||
| 956 |
_aVMATEO _210 _320151119 _6BPMSU _800151 |
||
| 999 |
_c8825 _d8825 |
||